| 000 | 00496nam a2200181Ia 4500 | ||
|---|---|---|---|
| 999 |
_c11144 _d11144 |
||
| 003 | OSt | ||
| 005 | 20191226151720.0 | ||
| 008 | 190216s9999||||xx |||||||||||||| ||und|| | ||
| 020 | _a9788180548628 | ||
| 040 | _coclc | ||
| 082 |
_a519.5 _bGUP/S |
||
| 100 |
_aGupta, S P _9766 |
||
| 245 | 0 |
_aStatistical Methods / _cS P Gupta |
|
| 250 | _a41st ed. | ||
| 260 |
_bSulthan Chand&Sons, _c2011. _aNew Delhi: |
||
| 300 | _a1425p | ||
| 942 |
_cBK _2ddc _h519.5 _iGUP/S _k519.5 _mGUP/S |
||